000
00288nam a2200121Ia 4500
008
191201s2011 xx 000 0 und d
100
_a
LEVIN, Richard I
245
0
_a
Statistics for Management
260
_a
N.Delhi
_b
Pearson
_c
2011
300
_a
1026+90
650
_a
MBA
942
_2
ddc
_c
BK
999
_c
4791
_d
4791